000 00475nam a2200181Ia 4500
005 20240624112423.0
008 131103s9999 xx 000 0 und d
040 _aLoreto College
041 _aEnglish
082 _a740
_bART
245 _aGreat artists of 38
_b their lives, works and inspiration
260 _a[s.l.]
_bBellini
_c[19?]
300 _a30p.
_b ill.
440 _aA Marshall Cavendish weekly collection
650 _aArts
850 _aLCBED
942 _cBK
999 _c30156
_d80635